000 00500nam a2200157 i 4500
001 57046
003 ES-MaACL
005 20230906163513.0
007 t|
008 031014s1912 sp ||||1| spa d
100 1 _aDíez y Carbonell, Augusto.
_944782
245 1 3 _aLa sintaxis de las partículas en El sueño de las calaveras de Quevedo /
_cAugusto Díez y Carbonell.
260 _aMadrid :
_b[s.n.,
_c1912] (
_fImp. Gómez Fuentenebro)
502 _aTesis doctoral.
852 _aES-MaACL
_jT-1311-F-7
999 _c57046
_d57046